Loading...
Fine Arts - Other Fine Arts | 0 | 4 | 0 | 1 | 40 | 37 | 73.00 | 0 | 1 |
Literature - American Literature | 0 | 2 | 0 | 0 | 20 | 57 | 59.50 | 1 | 2 |
Pop Culture | 0 | 2 | 0 | 0 | 20 | 27 | 55.00 | 0 | 2 |
Science - Biology | 0 | 2 | 0 | 1 | 20 | 37 | 67.00 | 0 | 1 |
Literature - World Literature | 0 | 1 | 0 | 0 | 10 | 24 | 24.00 | 0 | 1 |
Painting/Sculpture | 0 | 1 | 0 | 0 | 10 | 70 | 70.00 | 0 | 1 |
Literature - British Literature | 0 | 1 | 0 | 0 | 10 | 105 | 105.00 | 0 | 1 |
Religion | 0 | 1 | 0 | 1 | 10 | 110 | 110.00 | 0 | 0 |
Social Science | 0 | 1 | 0 | 0 | 10 | 67 | 67.00 | 1 | 1 |
Mythology | 0 | 1 | 0 | 0 | 10 | 87 | 87.00 | 0 | 1 |
Science - Other Science | 0 | 1 | 0 | 0 | 10 | 54 | 54.00 | 1 | 1 |
Science - Chemistry | 0 | 0 | 3 | 0 | -15 | 0.00 | 0 | 0 |